All Cruisers of the IJN - Statistics

General Stats
  • This quiz has been taken 6 times
  • The average score is 17 of 40
Answer Stats
Year they were first laid down Number of ships in class Answer % Correct
1924 2 Aoba
100%
1922 2 Furutaka
100%
1905 2 Ibuki
100%
1931 4 Mogami
100%
1927 4 Takao
100%
1917 2 Tenryū
100%
1905 1 Tone
100%
1934 2 Tone
100%
1940 4 Agano
75%
1909 3 Chikuma
75%
1918 5 Kuma
75%
1924 4 Myōkō
75%
1941 1 Ōyodo
75%
1922 1 Yūbari
75%
1898 1 Azuma
50%
1898 2 Izumo
50%
1920 6 Nagara
50%
1922 3 Sendai
50%
1905 2 Tsukuba
50%
1897 1 Yakumo
50%
1896 2 Asama
25%
1902 2 Kasuga
25%
1911 4 Kongō
25%
1906 2 Yodo
25%
1892 1 Yoshino
25%
1890 1 Akitsushima
0%
1920 1 Amagi
0%
1898 1 Chihaya
0%
1881 1 Izumi
0%
1897 2 Kasagi
0%
1888 3 Matsushima
0%
1894 1 Miyako
0%
1884 2 Naniwa
0%
1901 2 Niitaka
0%
1903 1 Otowa
0%
1892 2 Suma
0%
1896 1 Takasago
0%
1893 1 Tatsuta
0%
1879 1 Tsukushi
0%
1884 1 Unebi
0%
No matching quizzes found
Score Distribution
Percent of People with Each Score
Percentile by Number Answered
Your Score History
You have not taken this quiz